Statistics for 20 Countries with the Smallest Shadow Economies

Click here to take the quiz!

General Stats

  • This quiz has been taken 24 times
  • The average score is 17 of 19

Answer Stats

Percent of GDP% Correct
9.42Canada
100%
7.75Germany
100%
8.32United Kingdom
100%
11.65France
95%
9.58Ireland
95%
8.19Japan
95%
7.83Netherlands
95%
9.20Singapore
95%
7.00United States
95%
8.10Australia
91%
12.45Iceland
91%
10.38Luxembourg
91%
11.74Sweden
91%
6.94Switzerland
91%
9.01Austria
86%
8.97New Zealand
86%
12.11China
82%
10.47Czechia
73%
11.18Slovakia
59%

Score Distribution

Percentile by Number Answered

Percent of People with Each Score

Your Score History

You have not taken this quiz